[Event "FIRST SATURDAY  GM FEB 2013"]
[Site "Budapest"]
[Date "2013.02.02"]
[Round "1.1"]
[White "Gledura, Benjamin"]
[Black "Rindlisbacher, Lars"]
[Result "1-0"]
[WhiteElo "2393"]
[BlackElo "2366"]
[PlyCount "85"]
[EventDate "2013.02.02"]

1. e4 e5 2. Nf3 Nc6 3. Bb5 a6 4. Ba4 Nf6 5. O-O Be7 6. d3 b5 7. Bb3 d6 8. a4
Bd7 9. c3 O-O 10. Re1 Na5 11. Bc2 c5 12. Nbd2 Qc7 13. Nf1 Rfc8 14. Ne3 Bf8 15.
Bd2 c4 16. axb5 cxd3 17. Bxd3 axb5 18. b4 Nc4 19. Nxc4 bxc4 20. Bc2 Bc6 21. Bg5
Nd7 22. Nd2 Nb6 23. Qe2 Ba4 24. Bxa4 Nxa4 25. Ra3 Qc6 26. Be3 Nb2 27. Rea1 Rxa3
28. Rxa3 Ra8 29. Rxa8 Qxa8 30. h3 d5 31. exd5 Qxd5 32. Qg4 Qc6 33. Qf5 Nd3 34.
Qf3 Qa6 35. Qd5 Qa1+ 36. Kh2 Qxc3 37. b5 Qb4 38. Nxc4 Nf4 39. Bxf4 exf4 40. Ne5
Qe7 41. b6 f3 42. b7 Qc7 43. Qxf7+ 1-0

[Event "FIRST SATURDAY  GM FEB 2013"]
[Site "Budapest"]
[Date "2013.02.02"]
[Round "1.2"]
[White "Czebe, Attila"]
[Black "Saric, Sinisa"]
[Result "1-0"]
[WhiteElo "2488"]
[BlackElo "2418"]
[PlyCount "83"]
[EventDate "2013.02.02"]

1. e4 d5 2. exd5 Qxd5 3. Nc3 Qa5 4. Nf3 Nf6 5. d3 g6 6. Be2 Bg7 7. O-O O-O 8.
Nd2 c6 9. Nb3 Qc7 10. Bf3 Nbd7 11. Re1 Re8 12. Ne4 b6 13. Nxf6+ Bxf6 14. d4 Bb7
15. Bh6 Rad8 16. c3 Ne5 17. Be2 c5 18. Qc1 Qc6 19. f3 Nd7 20. Qe3 cxd4 21. Nxd4
Qc5 22. Nb5 Qh5 23. g4 Qh4 24. Bf4 Nc5 25. Nc7 Rf8 26. Bg3 Qg5 27. f4 Qh6 28.
g5 Qh3 29. Bf1 Qd7 30. gxf6 Qxc7 31. fxe7 Qc6 32. exf8=Q+ Kxf8 33. Rad1 Qh1+
34. Kf2 Ne4+ 35. Qxe4 Bxe4 36. Rxd8+ Kg7 37. Rd3 Bxd3 38. Bg2 Qxe1+ 39. Kxe1 f5
40. Bf3 Kh6 41. b3 Bb1 42. Kd2 1-0

[Event "FIRST SATURDAY  GM FEB 2013"]
[Site "Budapest"]
[Date "2013.02.02"]
[Round "1.3"]
[White "Mihok, Oliver"]
[Black "Nguyen, Huynh Minh Huy"]
[Result "1/2-1/2"]
[WhiteElo "2442"]
[BlackElo "2439"]
[PlyCount "74"]
[EventDate "2013.02.02"]

1. c4 e5 2. a3 Nf6 3. Nc3 d5 4. cxd5 Nxd5 5. e4 Nb6 6. Nf3 Bg4 7. h3 Bxf3 8.
Qxf3 Be7 9. Bb5+ N8d7 10. O-O c6 11. Be2 Nc5 12. Qg3 Nb3 13. Rb1 Bf6 14. d3
Nxc1 15. Rbxc1 O-O 16. Bd1 Nd7 17. b4 Qe7 18. Bb3 a5 19. Rb1 Rfd8 20. Ne2 Kh8
21. b5 cxb5 22. Nc3 Qxa3 23. Nxb5 Qf8 24. Bc4 Nb6 25. Ba2 Rac8 26. Qe3 Na4 27.
Bd5 b6 28. Qe2 Qe7 29. Qa2 Nc5 30. Rfd1 Rf8 31. Na3 Nd7 32. Nc4 Qc5 33. Qa4 Rc7
34. Rb5 Qd4 35. Nxb6 Nxb6 36. Qxd4 exd4 37. Rxb6 Be7 1/2-1/2

[Event "FIRST SATURDAY  GM FEB 2013"]
[Site "Budapest"]
[Date "2013.02.02"]
[Round "1.4"]
[White "Lizak, Peter"]
[Black "Hujbert, Florian"]
[Result "1/2-1/2"]
[WhiteElo "2428"]
[BlackElo "2427"]
[PlyCount "82"]
[EventDate "2013.02.02"]

1. b3 e5 2. Bb2 Nc6 3. e3 Nf6 4. Bb5 Bd6 5. Na3 Na5 6. Nc4 Nxc4 7. Bxc4 O-O 8.
Ne2 c6 9. d4 Bb4+ 10. c3 Bd6 11. Ng3 Bc7 12. dxe5 Bxe5 13. O-O d5 14. Be2 Re8
15. Rb1 Be6 16. c4 Bxb2 17. Rxb2 dxc4 18. Bxc4 Bxc4 19. bxc4 Qc7 20. Qb3 b6 21.
Rd2 Rad8 22. Rfd1 Rxd2 23. Rxd2 Rd8 24. Qd1 Rxd2 25. Qxd2 h5 26. h3 Qe5 27. Qd4
Qa5 28. Qd8+ Kh7 29. Qd3+ g6 30. Qd4 Qe1+ 31. Nf1 Kg7 32. g4 hxg4 33. hxg4 Qa5
34. Ng3 Qg5 35. f3 c5 36. Qc3 Kf8 37. Kg2 Ke7 38. a4 Nd7 39. Ne4 Qe5 40. Qd3
Nf6 41. Nc3 g5 1/2-1/2

[Event "FIRST SATURDAY  GM FEB 2013"]
[Site "Budapest"]
[Date "2013.02.02"]
[Round "1.5"]
[White "Stefansson, Hannes"]
[Black "Gonda, Laszlo"]
[Result "1-0"]
[WhiteElo "2496"]
[BlackElo "2536"]
[PlyCount "59"]
[EventDate "2013.02.02"]

1. d4 d5 2. c4 dxc4 3. Nf3 a6 4. e3 Bg4 5. Bxc4 e6 6. Qb3 Bxf3 7. gxf3 b5 8.
Be2 Nd7 9. a4 b4 10. e4 Ngf6 11. Be3 c5 12. Nd2 cxd4 13. Bxd4 Be7 14. f4 O-O
15. Rc1 Qb8 16. Qe3 Rc8 17. O-O Qb7 18. Bd3 Rxc1 19. Rxc1 Rc8 20. Nc4 Qa8 21.
a5 Bc5 22. Nb6 Nxb6 23. Bxc5 Na4 24. Bxb4 Nxb2 25. Rxc8+ Qxc8 26. Bf1 Na4 27.
Qa7 h6 28. Qxa6 Qb8 29. Bd6 Qb1 30. Qd3 1-0

[Event "FIRST SATURDAY  GM FEB 2013"]
[Site "Budapest"]
[Date "2013.02.03"]
[Round "2.1"]
[White "Rindlisbacher, Lars"]
[Black "Gonda, Laszlo"]
[Result "1/2-1/2"]
[WhiteElo "2366"]
[BlackElo "2536"]
[PlyCount "28"]
[EventDate "2013.02.02"]

1. d4 Nf6 2. c4 e6 3. Nf3 Bb4+ 4. Nbd2 O-O 5. a3 Be7 6. e4 d5 7. e5 Nfd7 8. b4
a5 9. b5 c5 10. Bb2 cxd4 11. cxd5 exd5 12. Nb3 a4 13. Nbxd4 Nc5 14. Be2 Qb6
1/2-1/2

[Event "FIRST SATURDAY  GM FEB 2013"]
[Site "Budapest"]
[Date "2013.02.03"]
[Round "2.2"]
[White "Hujbert, Florian"]
[Black "Stefansson, Hannes"]
[Result "1/2-1/2"]
[WhiteElo "2427"]
[BlackElo "2496"]
[PlyCount "44"]
[EventDate "2013.02.02"]

1. d4 Nf6 2. c4 e6 3. Nc3 Bb4 4. Bg5 c5 5. d5 h6 6. Bh4 Bxc3+ 7. bxc3 d6 8. e3
Qe7 9. Nf3 e5 10. Qc2 Nbd7 11. Nd2 g5 12. Bg3 Nh5 13. Bd3 Kd8 14. Rb1 Ndf6 15.
f3 Kc7 16. Bf2 Ng7 17. Kd1 h5 18. Kc1 h4 19. Kb2 Bd7 20. Ka1 Nfh5 21. g4 hxg3
22. hxg3 f5 1/2-1/2

[Event "FIRST SATURDAY  GM FEB 2013"]
[Site "Budapest"]
[Date "2013.02.03"]
[Round "2.3"]
[White "Nguyen, Huynh Minh Huy"]
[Black "Lizak, Peter"]
[Result "1-0"]
[WhiteElo "2439"]
[BlackElo "2428"]
[PlyCount "115"]
[EventDate "2013.02.02"]

1. d4 Nf6 2. c4 e6 3. g3 c5 4. Nf3 cxd4 5. Nxd4 d5 6. Bg2 e5 7. Nf3 d4 8. O-O
Nc6 9. e3 Be7 10. exd4 exd4 11. Nbd2 O-O 12. Nb3 d3 13. Be3 Bg4 14. h3 Be6 15.
Nc5 Bxc5 16. Bxc5 Re8 17. b3 Qd7 18. Kh2 h6 19. Be3 Bf5 20. Qd2 Ne5 21. Nxe5
Rxe5 22. Rad1 Bxh3 23. Qxd3 Qc8 24. Rfe1 Rh5 25. Kg1 Bxg2 26. Kxg2 Qh3+ 27. Kf3
Qg4+ 28. Kg2 Qh3+ 29. Kf3 Rf5+ 30. Ke2 Qg4+ 31. Kf1 Qh3+ 32. Ke2 Qg4+ 33. Kf1
Nh5 34. Bf4 Nxf4 35. gxf4 Rxf4 36. Rd2 Qh5 37. Qd5 Qh3+ 38. Qg2 Qc8 39. Re7 Rb8
40. Rdd7 b5 41. Qd5 Kh8 42. Rxf7 Rxf7 43. Qxf7 Qg8 44. Qxg8+ Kxg8 45. cxb5 Rxb5
46. Rxa7 h5 47. Rc7 Kf8 48. f3 g6 49. Ke2 Ke8 50. Ke3 Kd8 51. Rg7 Rb6 52. Kf4
Ra6 53. a4 Rb6 54. a5 Rxb3 55. a6 Ra3 56. a7 Kc8 57. Kg5 Ra6 58. f4 1-0

[Event "FIRST SATURDAY  GM FEB 2013"]
[Site "Budapest"]
[Date "2013.02.03"]
[Round "2.5"]
[White "Gledura, Benjamin"]
[Black "Czebe, Attila"]
[Result "0-1"]
[WhiteElo "2393"]
[BlackElo "2488"]
[PlyCount "74"]
[EventDate "2013.02.02"]

1. e4 c5 2. Nf3 b6 3. d4 cxd4 4. Nxd4 Bb7 5. Bd3 g6 6. O-O Bg7 7. Nb3 d6 8. a4
Nf6 9. Re1 O-O 10. a5 Na6 11. Nc3 Nc5 12. a6 Bc6 13. Nd4 Bd7 14. Bb5 Rc8 15.
Bxd7 Qxd7 16. Bg5 h6 17. Bh4 Rfe8 18. f3 Nh5 19. Bf2 Nf4 20. Nd5 Nfe6 21. c3
Nxd4 22. cxd4 Ne6 23. Qd3 Nc7 24. Nc3 d5 25. e5 Ne6 26. Be3 Rc6 27. f4 Nc7 28.
Rf1 f5 29. exf6 Rxf6 30. Rae1 b5 31. Bd2 Ref8 32. Kh1 Rxa6 33. Ra1 Qc6 34. Rxa6
Qxa6 35. Re1 Rf7 36. f5 Rxf5 37. Rxe7 b4 0-1

[Event "FIRST SATURDAY  GM FEB 2013"]
[Site "Budapest"]
[Date "2013.02.04"]
[Round "3.2"]
[White "Mihok, Oliver"]
[Black "Gledura, Benjamin"]
[Result "1/2-1/2"]
[WhiteElo "2442"]
[BlackElo "2393"]
[PlyCount "119"]
[EventDate "2013.02.02"]

1. Nf3 Nf6 2. g3 c5 3. c4 Nc6 4. Bg2 e6 5. O-O Be7 6. b3 O-O 7. Bb2 d6 8. d4
cxd4 9. Nxd4 Qc7 10. Nc3 a6 11. Rc1 Qb6 12. Na4 Qc7 13. Nc3 Nxd4 14. Qxd4 Bd7
15. Rfd1 Rfd8 16. Qf4 Rac8 17. h4 Qb8 18. a4 Bc6 19. e4 Nd7 20. Nd5 Bf8 21. h5
h6 22. Rc3 b5 23. cxb5 axb5 24. Nb4 Ne5 25. a5 Ba8 26. Qe3 Rxc3 27. Bxc3 Nd7
28. Nd3 Rc8 29. Bd4 Nc5 30. b4 Nxd3 31. Qxd3 Rc4 32. Bc3 Qc7 33. Bd2 Bb7 34.
Qe3 Ba6 35. Bf1 Rc6 36. Rc1 Be7 37. Rxc6 Qxc6 38. Bc3 Bb7 39. Qd3 f5 40. f3
fxe4 41. fxe4 Ba8 42. Bb2 Bf8 43. Bg2 Bb7 44. Qc3 Qxc3 45. Bxc3 Ba6 46. Kf2 Be7
47. e5 dxe5 48. Bc6 Bd6 49. Kf3 Kf7 50. Ke4 Kf6 51. Bd2 Be7 52. g4 Bd6 53. Kd3
Kf7 54. Be1 Be7 55. Ke4 Bd6 56. Bd2 Kf6 57. Bc3 Bc7 58. Bd2 Bd6 59. Kf3 Be7 60.
Ke4 1/2-1/2

[Event "FIRST SATURDAY  GM FEB 2013"]
[Site "Budapest"]
[Date "2013.02.04"]
[Round "3.5"]
[White "Gonda, Laszlo"]
[Black "Hujbert, Florian"]
[Result "1-0"]
[WhiteElo "2536"]
[BlackElo "2427"]
[PlyCount "63"]
[EventDate "2013.02.02"]

1. d4 Nf6 2. Nf3 g6 3. c4 Bg7 4. Nc3 O-O 5. e4 d6 6. Be2 Nbd7 7. O-O e5 8. Qc2
c6 9. d5 c5 10. Bg5 h6 11. Bd2 Ne8 12. g3 Ndf6 13. Nh4 Bh3 14. Rfb1 Nh7 15. b4
b6 16. bxc5 bxc5 17. Rb3 Bf6 18. Ng2 Bg5 19. f4 exf4 20. gxf4 Bf6 21. Rab1 Bc8
22. Nd1 Bd4+ 23. Kh1 f5 24. Rg3 Qf6 25. exf5 Bxf5 26. Bd3 Ng7 27. Nde3 Kh8 28.
Nxf5 Nxf5 29. Bxf5 gxf5 30. Qd1 Rg8 31. Qh5 Rg7 32. Nh4 1-0

[Event "FIRST SATURDAY  GM FEB 2013"]
[Site "Budapest"]
[Date "2013.02.05"]
[Round "4.1"]
[White "Rindlisbacher, Lars"]
[Black "Hujbert, Florian"]
[Result "1/2-1/2"]
[WhiteElo "2366"]
[BlackElo "2427"]
[PlyCount "43"]
[EventDate "2013.02.02"]

1. d4 d5 2. c4 dxc4 3. e3 c5 4. Bxc4 cxd4 5. exd4 Qc7 6. Be2 Nf6 7. Nc3 e6 8.
Nf3 Be7 9. O-O Nc6 10. d5 Nxd5 11. Nxd5 exd5 12. Qxd5 O-O 13. Qe4 g6 14. Bg5
Bxg5 15. Nxg5 h6 16. Nf3 Bf5 17. Qh4 Rfe8 18. Rfe1 Kg7 19. Bb5 a6 20. Bxc6 Qxc6
21. Nd4 Qf6 22. Nxf5+ 1/2-1/2

[Event "FIRST SATURDAY  GM FEB 2013"]
[Site "Budapest"]
[Date "2013.02.05"]
[Round "4.2"]
[White "Nguyen, Huynh Minh Huy"]
[Black "Gonda, Laszlo"]
[Result "1/2-1/2"]
[WhiteElo "2439"]
[BlackElo "2536"]
[PlyCount "31"]
[EventDate "2013.02.02"]

1. d4 e6 2. c4 b6 3. Nc3 Bb7 4. a3 f5 5. Nf3 Nf6 6. d5 Na6 7. b4 Bd6 8. g3 c6
9. dxe6 dxe6 10. Bg2 O-O 11. O-O e5 12. b5 Nc7 13. Qc2 Qe7 14. Bg5 h6 15. Bxf6
Qxf6 16. Rad1 1/2-1/2

[Event "FIRST SATURDAY  GM FEB 2013"]
[Site "Budapest"]
[Date "2013.02.05"]
[Round "4.4"]
[White "Gledura, Benjamin"]
[Black "Lizak, Peter"]
[Result "1-0"]
[WhiteElo "2393"]
[BlackElo "2428"]
[PlyCount "87"]
[EventDate "2013.02.02"]

1. e4 e6 2. d4 d5 3. Nc3 Nf6 4. e5 Nfd7 5. f4 c5 6. Nf3 Nc6 7. Be3 a6 8. Qd2 b5
9. Qf2 Qb6 10. dxc5 Bxc5 11. Bxc5 Nxc5 12. Bd3 b4 13. Ne2 a5 14. O-O Ba6 15.
Kh1 Na4 16. Qg3 g6 17. f5 exf5 18. Nf4 Ne7 19. Qg5 h6 20. Qf6 Qxf6 21. exf6
Bxd3 22. cxd3 Nc6 23. Rfe1+ Kd7 24. Ne5+ Nxe5 25. Rxe5 Nb6 26. Re7+ Kd6 27.
Rxf7 Rhf8 28. Rb7 Kc6 29. Rh7 Rxf6 30. Rc1+ Kd6 31. Rxh6 Rg8 32. h4 Ke5 33. g3
Nd7 34. Rc7 g5 35. hxg5 Rxh6+ 36. gxh6 Kd6 37. Ra7 Rh8 38. Kg2 Ne5 39. h7 Nd7
40. Rxd7+ Kxd7 41. Ng6 Rxh7 42. Nf8+ Kc6 43. Nxh7 b3 44. a3 1-0

[Event "FIRST SATURDAY  GM FEB 2013"]
[Site "Budapest"]
[Date "2013.02.06"]
[Round "5.1"]
[White "Mihok, Oliver"]
[Black "Rindlisbacher, Lars"]
[Result "1-0"]
[WhiteElo "2442"]
[BlackElo "2366"]
[PlyCount "111"]
[EventDate "2013.02.02"]

1. e4 e6 2. f4 d5 3. e5 c5 4. Nf3 Nc6 5. c3 Nh6 6. Na3 Nf5 7. Nc2 Be7 8. Bd3 b6
9. O-O h5 10. Bxf5 exf5 11. d3 g6 12. Be3 Kf8 13. Bf2 Kg7 14. Qe1 h4 15. h3 a5
16. a4 Rb8 17. Na3 Na7 18. Qd2 b5 19. b4 d4 20. cxd4 axb4 21. Nxb5 Nxb5 22.
axb5 cxd4 23. Nxd4 Qd5 24. Qa2 b3 25. Qxb3 Qxb3 26. Nxb3 Rxb5 27. Nd4 Rd5 28.
Rfc1 g5 29. Nc6 Bf8 30. fxg5 Rxd3 31. e6 Bxe6 32. Bd4+ Kh7 33. Bxh8 Kxh8 34.
Ne5 Rg3 35. Nf3 Kg7 36. Ra4 Be7 37. Rxh4 Bd5 38. Kf2 Rxg5 39. Nxg5 Bxg5 40.
Rcc4 Bxc4 41. Rxc4 Kg6 42. Kf3 Bd2 43. Rc8 Kg7 44. Rc6 Bh6 45. Ke2 Bg5 46. Kd3
Bf6 47. Kc4 Kg6 48. Kd5 Kg7 49. Kd6 Kg6 50. Kd7 Kg7 51. Ke8 Be5 52. Rb6 f6 53.
Ke7 Kg6 54. Ke6 Kg5 55. Rb7 f4 56. Rg7+ 1-0

[Event "FIRST SATURDAY  GM FEB 2013"]
[Site "Budapest"]
[Date "2013.02.06"]
[Round "5.2"]
[White "Lizak, Peter"]
[Black "Czebe, Attila"]
[Result "1/2-1/2"]
[WhiteElo "2428"]
[BlackElo "2488"]
[PlyCount "107"]
[EventDate "2013.02.02"]

1. g3 g6 2. Bg2 Bg7 3. c4 Nf6 4. Nf3 O-O 5. O-O c6 6. b3 d6 7. Bb2 e5 8. d3 Nh5
9. Qc2 f5 10. c5 e4 11. dxe4 fxe4 12. Nd4 dxc5 13. Qxc5 Na6 14. Qc4+ Qd5 15.
Qxd5+ cxd5 16. Na3 Bg4 17. f3 exf3 18. exf3 Bd7 19. Nac2 Rac8 20. Rac1 Rfe8 21.
Rfd1 Bf5 22. Ne1 Rxc1 23. Rxc1 Nb4 24. Kf1 Bd3+ 25. Kf2 Ba6 26. Bf1 Nxa2 27.
Rc7 Be5 28. Rc2 Nb4 29. Rd2 Bxf1 30. Kxf1 Ng7 31. Nd3 Nxd3 32. Rxd3 Bf6 33. Bc3
Rc8 34. Nb5 Bxc3 35. Nxc3 d4 36. Nb5 Ne6 37. Nxa7 Rc5 38. Ke2 Re5+ 39. Kd1 Ra5
40. Nc8 Ra1+ 41. Ke2 g5 42. Nd6 Rh1 43. Nxb7 Rxh2+ 44. Kf1 Kg7 45. Na5 Rc2 46.
b4 h5 47. b5 h4 48. gxh4 gxh4 49. f4 Rc5 50. Nb3 Rxb5 51. Nxd4 Rb1+ 52. Kf2
Nxf4 53. Rf3 Rb2+ 54. Kg1 1/2-1/2

[Event "FIRST SATURDAY  GM FEB 2013"]
[Site "Budapest"]
[Date "2013.02.06"]
[Round "5.3"]
[White "Stefansson, Hannes"]
[Black "Gledura, Benjamin"]
[Result "1/2-1/2"]
[WhiteElo "2496"]
[BlackElo "2393"]
[PlyCount "54"]
[EventDate "2013.02.02"]

1. d4 Nf6 2. c4 g6 3. Nc3 d5 4. Nf3 Bg7 5. Qa4+ Bd7 6. Qb3 dxc4 7. Qxc4 O-O 8.
Bf4 c6 9. e4 b5 10. Qb3 Qa5 11. e5 Be6 12. Qc2 Nd5 13. Bd2 Qb6 14. Be2 Nd7 15.
O-O Bg4 16. Nxd5 cxd5 17. Rac1 Bxf3 18. Bxf3 Qxd4 19. Bc3 Qc5 20. Qd2 e6 21.
Be2 Rfc8 22. Ba5 Qe7 23. f4 a6 24. Qd4 f6 25. Bc7 fxe5 26. fxe5 Nf8 27. Qb6 Qg5
1/2-1/2

[Event "FIRST SATURDAY  GM FEB 2013"]
[Site "Budapest"]
[Date "2013.02.06"]
[Round "5.4"]
[White "Gonda, Laszlo"]
[Black "Saric, Sinisa"]
[Result "1-0"]
[WhiteElo "2536"]
[BlackElo "2418"]
[PlyCount "143"]
[EventDate "2013.02.02"]

1. d4 Nf6 2. c4 g6 3. Nf3 Bg7 4. g3 O-O 5. Bg2 c5 6. O-O cxd4 7. Nxd4 d5 8.
cxd5 Nxd5 9. Nb5 Be6 10. Nd4 Bc8 11. Nb3 Nb4 12. Nc3 N8c6 13. Bf4 Bf5 14. Nc5
b6 15. Na6 Qxd1 16. Raxd1 Rac8 17. Nxb4 Nxb4 18. Nb5 Bxb2 19. Nxa7 Rc2 20. Rd2
Nxa2 21. Nc6 Re8 22. Rfd1 Bc3 23. Rd8 Rxd8 24. Rxd8+ Kg7 25. Nxe7 Be6 26. Rg8+
Kf6 27. Nd5+ Bxd5 28. Bxd5 Nb4 29. Bf3 Bd4 30. g4 Ke7 31. Rb8 Rc4 32. e3 Bc5
33. Rb7+ Ke8 34. Bc7 Nd3 35. Be2 Rc1+ 36. Kg2 Ne1+ 37. Kg3 Rb1 38. Bc4 Be7 39.
Rxb6 Rxb6 40. Bxb6 Nc2 41. Bb5+ Kf8 42. Kf3 Ne1+ 43. Ke2 Ng2 44. f4 Nh4 45. Kf2
h6 46. h3 f5 47. Bd3 Kf7 48. Bc4+ Kf8 49. Be6 Kg7 50. Bd4+ Kf8 51. Bc3 Bd8 52.
Bd5 Be7 53. e4 fxe4 54. Bxe4 Kf7 55. Bd5+ Kf8 56. Ke3 h5 57. Ke4 hxg4 58. hxg4
Ng2 59. g5 Bd6 60. Bd2 Ke7 61. Kf3 Nh4+ 62. Kg4 Nf5 63. Be4 Nd4 64. Bxg6 Kf8
65. Bb1 Kf7 66. Ba2+ Kf8 67. Bc4 Be7 68. Bc3 Bc5 69. f5 Kg7 70. Kf4 Kh7 71. Ke4
Nc2 72. g6+ 1-0

[Event "FIRST SATURDAY  GM FEB 2013"]
[Site "Budapest"]
[Date "2013.02.06"]
[Round "5.5"]
[White "Hujbert, Florian"]
[Black "Nguyen, Huynh Minh Huy"]
[Result "1/2-1/2"]
[WhiteElo "2427"]
[BlackElo "2439"]
[PlyCount "109"]
[EventDate "2013.02.02"]

1. e4 c5 2. Nf3 e6 3. d4 cxd4 4. Nxd4 a6 5. Bd3 Qc7 6. O-O Nf6 7. Nd2 d6 8. Kh1
g6 9. a4 Bg7 10. N4b3 O-O 11. a5 Nbd7 12. f4 Re8 13. Qe1 e5 14. f5 d5 15. Qh4
Qd8 16. fxg6 hxg6 17. Qf2 Nf8 18. Ra4 Bd7 19. Rb4 Bc6 20. exd5 Bxd5 21. Ne4
N8h7 22. Bd2 Rc8 23. Nbc5 Rc7 24. Rb6 Bc6 25. Nxf6+ Qxf6 26. Qe2 Qh4 27. Ne4
Rd8 28. Rb4 Qe7 29. Rc4 f5 30. Bb4 Qe6 31. Nc5 Qf7 32. Rh4 Bd5 33. c4 Bc6 34.
Bc2 Bf6 35. Rh3 Rd4 36. Rg3 Rxc4 37. Bxf5 Nf8 38. Ba3 Bd5 39. Nd3 Rc2 40. Qg4
R7c4 41. Bxg6 Qxg6 42. Qxg6+ Nxg6 43. Rxg6+ Kh7 44. Rgxf6 Bxg2+ 45. Kg1 Bxf1
46. Kxf1 Rd2 47. Ne1 Rxh2 48. Rf3 Kg6 49. Re3 e4 50. Re2 Rh5 51. Kf2 Rxa5 52.
Ng2 Rf5+ 53. Kg3 Rf3+ 54. Kg4 Kf6 55. Rxe4 1/2-1/2

[Event "FIRST SATURDAY  GM FEB 2013"]
[Site "Budapest"]
[Date "2013.02.08"]
[Round "6.1"]
[White "Rindlisbacher, Lars"]
[Black "Nguyen, Huynh Minh Huy"]
[Result "0-1"]
[WhiteElo "2366"]
[BlackElo "2439"]
[PlyCount "148"]
[EventDate "2013.02.02"]

1. e4 c5 2. Nf3 d6 3. d4 cxd4 4. Nxd4 Nf6 5. Nc3 a6 6. Be3 e5 7. Nb3 Be6 8. Qd2
Nbd7 9. O-O-O Rc8 10. f4 b5 11. f5 Bc4 12. Kb1 Qc7 13. a3 h5 14. Rg1 Be7 15. h3
h4 16. g4 hxg3 17. Rxg3 Bf8 18. Bd3 Rb8 19. Bg5 a5 20. Bxf6 Nxf6 21. Nd5 Nxd5
22. exd5 Bxd5 23. Bf1 Be4 24. Rc3 Qb6 25. Bg2 Bxg2 26. Qxg2 Rh4 27. Rc6 Qa7 28.
f6 gxf6 29. Qg8 a4 30. Nc1 b4 31. Rcxd6 bxa3 32. Rd8+ Rxd8 33. Rxd8+ Kxd8 34.
Qxf8+ Kc7 35. Qxf7+ Kb8 36. Qf8+ Kb7 37. Qe7+ Ka6 38. Qxf6+ Qb6 39. Qxe5 Qxb2+
40. Qxb2 axb2 41. Kxb2 Rxh3 42. Nd3 Kb5 43. Kc3 Rh8 44. Kb2 Ra8 45. Ka3 Kc4 46.
Nb4 Kd4 47. Nd3 Kc3 48. Nb4 Kc4 49. Nd3 Kb5 50. Nc1 Ra7 51. Nd3 Rc7 52. Kb2 Rh7
53. Nc1 Rh2 54. Nd3 Rh3 55. Kc3 Rh8 56. Kb2 Ra8 57. Ka3 Kc4 58. Nb4 Kc3 59.
Nd5+ Kxc2 60. Nb6 Ra5 61. Nxa4 Rb5 62. Ka2 Rb3 63. Nc5 Rc3 64. Ne6 Rc4 65. Ka3
Kc3 66. Ka2 Ra4+ 67. Kb1 Rb4+ 68. Ka2 Rb5 69. Nf4 Re5 70. Kb1 Re1+ 71. Ka2 Kd4
72. Kb2 Re4 73. Ng6 Kd5 74. Kc3 Ke6 0-1

[Event "FIRST SATURDAY  GM FEB 2013"]
[Site "Budapest"]
[Date "2013.02.08"]
[Round "6.2"]
[White "Saric, Sinisa"]
[Black "Hujbert, Florian"]
[Result "0-1"]
[WhiteElo "2418"]
[BlackElo "2427"]
[PlyCount "104"]
[EventDate "2013.02.02"]

1. d4 Nf6 2. c4 g6 3. Nc3 Bg7 4. e4 d6 5. Nf3 O-O 6. Be3 Bg4 7. Qb3 Qc8 8. Nd2
c5 9. d5 e5 10. h3 Bd7 11. Be2 Na6 12. a3 Nc7 13. Qc2 h5 14. b4 b6 15. O-O Bxh3
16. gxh3 Qxh3 17. Rfd1 Ng4 18. Nf1 f5 19. Rd3 Qh4 20. f3 f4 21. Bxc5 bxc5 22.
fxg4 hxg4 23. Nh2 g3 24. Ng4 Rf5 25. Bf3 Rg5 26. Qe2 Kf7 27. bxc5 Rh8 28. cxd6
Rxg4 29. Qg2 Na6 30. Na4 Qg5 31. Qb2 Rb8 32. Rb3 Rxb3 33. Qxb3 Qh4 34. Qb2 Rg5
35. Qg2 Rh5 36. Rb1 Rh8 37. Rb7+ Kf6 38. d7 Rd8 39. Qh1 Qxh1+ 40. Kxh1 Bf8 41.
Rxa7 Nc5 42. Nb6 Be7 43. Rc7 Rh8+ 44. Kg1 Bd8 45. d6 Ne6 46. Nd5+ Kg5 47. Rc8
Nd4 48. Bg2 f3 49. c5 Ne2+ 50. Kf1 fxg2+ 51. Kxg2 Rh2+ 52. Kf3 g2 0-1

[Event "FIRST SATURDAY  GM FEB 2013"]
[Site "Budapest"]
[Date "2013.02.08"]
[Round "6.3"]
[White "Gledura, Benjamin"]
[Black "Gonda, Laszlo"]
[Result "0-1"]
[WhiteElo "2393"]
[BlackElo "2536"]
[PlyCount "74"]
[EventDate "2013.02.02"]

1. e4 e5 2. Nf3 Nc6 3. Nc3 Nf6 4. d4 exd4 5. Nxd4 Bc5 6. Be3 Bb6 7. Qd2 Ng4 8.
Bg5 f6 9. Nxc6 dxc6 10. Qxd8+ Kxd8 11. Bh4 a5 12. Be2 h5 13. h3 Ne5 14. O-O Ke7
15. Kh1 g5 16. Bg3 g4 17. Kh2 Be6 18. f4 gxf3 19. gxf3 Nc4 20. Bxc4 Bxc4 21.
Rfe1 h4 22. Bf4 Bf2 23. Bxc7 Bxe1 24. Rxe1 a4 25. a3 b5 26. Nd1 Ra7 27. Bf4 Rd7
28. Nf2 Ke6 29. Ng4 Rhd8 30. Nf2 Rd2 31. Bxd2 Rxd2 32. Kg1 Rxc2 33. f4 Rxb2 34.
f5+ Ke7 35. Ng4 Re2 36. Rd1 Rxe4 37. Kg2 Bd5 0-1

[Event "FIRST SATURDAY  GM FEB 2013"]
[Site "Budapest"]
[Date "2013.02.08"]
[Round "6.4"]
[White "Czebe, Attila"]
[Black "Stefansson, Hannes"]
[Result "1/2-1/2"]
[WhiteElo "2488"]
[BlackElo "2496"]
[PlyCount "21"]
[EventDate "2013.02.02"]

1. Nf3 Nf6 2. g3 d5 3. Bg2 c6 4. c4 g6 5. d4 Bg7 6. O-O O-O 7. cxd5 cxd5 8. Ne5
e6 9. Nc3 Nfd7 10. f4 Nc6 11. Be3 1/2-1/2

[Event "FIRST SATURDAY  GM FEB 2013"]
[Site "Budapest"]
[Date "2013.02.08"]
[Round "6.5"]
[White "Mihok, Oliver"]
[Black "Lizak, Peter"]
[Result "0-1"]
[WhiteElo "2442"]
[BlackElo "2428"]
[PlyCount "94"]
[EventDate "2013.02.02"]

1. e4 e6 2. d4 d5 3. Nc3 Bb4 4. e5 c5 5. a3 Ba5 6. b4 cxd4 7. Nb5 Bc7 8. f4 Bd7
9. Nf3 Bxb5 10. Bxb5+ Nc6 11. Bb2 Nge7 12. Bd3 h6 13. O-O Qd7 14. Kh1 Bb6 15.
Qd2 Rc8 16. a4 a5 17. b5 Nb4 18. Bxd4 Bd8 19. Rfc1 Nxd3 20. cxd3 O-O 21. Rxc8
Qxc8 22. Rc1 Qd7 23. Bc3 Ng6 24. Bxa5 Bxa5 25. Qxa5 Nxf4 26. Rc7 Qd8 27. b6 f6
28. Qc3 d4 29. Qxd4 Qxd4 30. Nxd4 fxe5 31. g3 Nd5 32. Nxe6 Rf1+ 33. Kg2 Nxc7
34. bxc7 Rc1 35. Kf3 Kf7 36. Nd8+ Kf6 37. Nxb7 Rxc7 38. Nd6 Ra7 39. Ne4+ Ke7
40. Nc3 Ke6 41. Ke4 Rc7 42. Nd5 Rc2 43. h4 Re2+ 44. Kf3 Ra2 45. Nb6 h5 46. Ke4
Ra3 47. Ke3 Kf5 0-1

[Event "FIRST SATURDAY  GM FEB 2013"]
[Site "Budapest"]
[Date "2013.02.09"]
[Round "7.1"]
[White "Lizak, Peter"]
[Black "Rindlisbacher, Lars"]
[Result "1/2-1/2"]
[WhiteElo "2428"]
[BlackElo "2366"]
[PlyCount "173"]
[EventDate "2013.02.02"]

1. d4 Nf6 2. c4 e6 3. g3 d5 4. Bg2 dxc4 5. Nf3 a6 6. O-O Nc6 7. e3 Bd7 8. Qc2
b5 9. b3 cxb3 10. axb3 Nb4 11. Qe2 Bc6 12. Bb2 Be4 13. Rc1 Nd3 14. Rd1 Nxb2 15.
Qxb2 Bb4 16. Nc3 Bxc3 17. Qxc3 Qd5 18. Ne1 Bxg2 19. Nxg2 g5 20. Qxc7 O-O 21.
Qe5 Qxe5 22. dxe5 Nd5 23. h4 h6 24. hxg5 hxg5 25. Rd4 Kg7 26. Ne1 Rfc8 27. Nf3
Rc3 28. Nd2 a5 29. Kf1 Ne7 30. Rd7 Ng6 31. Rb7 Rd3 32. Ne4 Rxb3 33. Nc5 Rb2 34.
Nxe6+ Kg8 35. Nc7 Rd8 36. Rxb5 Rxb5 37. Nxb5 Rd5 38. Rxa5 Nxe5 39. Ra8+ Kg7 40.
Nd4 Ng4 41. Ke2 Re5 42. Kf3 Nh2+ 43. Ke2 Ng4 44. Ra3 Re8 45. f3 Ne5 46. g4 Rb8
47. Kf2 Rb7 48. Nf5+ Kg6 49. Ra6+ f6 50. Kg3 Rc7 51. Ra8 Kh7 52. Rf8 Rf7 53.
Re8 Ra7 54. Re6 Kg6 55. Rb6 Rc7 56. Ra6 Rd7 57. Nd6 Rc7 58. Ne4 Rc6 59. Ra7 Nf7
60. Re7 Nd6 61. Nf2 Rc3 62. Re6 Rc6 63. f4 gxf4+ 64. exf4 Kf7 65. Re3 Rc4 66.
Ra3 Kg6 67. Ra6 Rd4 68. Kf3 Rd2 69. Rc6 Nb5 70. Ke3 Re2+ 71. Kxe2 Nd4+ 72. Ke3
Nxc6 73. Nh3 f5 74. g5 Kh5 75. Nf2 Nd8 76. Kd4 Ne6+ 77. Ke5 Nxg5 78. Kxf5 Nf3
79. Ke4 Nh4 80. Nd3 Kg6 81. Nc5 Kf6 82. Nd7+ Ke7 83. Nb6 Kf7 84. Nd5 Ke6 85.
Ne3 Kf7 86. f5 Nxf5 87. Nxf5 1/2-1/2

[Event "FIRST SATURDAY  GM FEB 2013"]
[Site "Budapest"]
[Date "2013.02.09"]
[Round "7.3"]
[White "Gonda, Laszlo"]
[Black "Czebe, Attila"]
[Result "1-0"]
[WhiteElo "2536"]
[BlackElo "2488"]
[PlyCount "41"]
[EventDate "2013.02.02"]

1. d4 d6 2. Nf3 g6 3. c4 Bg7 4. Nc3 Bg4 5. e3 c6 6. Be2 Nf6 7. O-O O-O 8. h3
Bxf3 9. Bxf3 Nbd7 10. Rb1 Rc8 11. e4 Nb6 12. b3 e5 13. Be3 exd4 14. Bxd4 Ne8
15. Qd2 Bxd4 16. Qxd4 Qf6 17. Rfd1 Qxd4 18. Rxd4 Rc7 19. Rbd1 a5 20. R4d2 Re7
21. g3 {after 31 move} 1-0